Transforming Societies after Political Violence Truth, Reconciliation, and Mental Health /

It is a momentous day for a nation when war is over or a brutal regime ends. For victims and survivors of political atrocities, it is also a time to process trauma, to anticipate the future, to be heard—and to be healed. Transforming Societies after Political Violence offers a template for those tas...

Πλήρης περιγραφή

Λεπτομέρειες βιβλιογραφικής εγγραφής
Κύριος συγγραφέας: Hamber, Brandon (Συγγραφέας)
Συγγραφή απο Οργανισμό/Αρχή: SpringerLink (Online service)
Μορφή: Ηλεκτρονική πηγή Ηλ. βιβλίο
Γλώσσα:English
Έκδοση: New York, NY : Springer US, 2009.
Σειρά:Peace Psychology Book Series
Θέματα:
Διαθέσιμο Online:Full Text via HEAL-Link
LEADER 03760nam a22004335i 4500
001 978-0-387-89427-0
003 DE-He213
005 20151120170506.0
007 cr nn 008mamaa
008 100301s2009 xxu| s |||| 0|eng d
020 |a 9780387894270  |9 978-0-387-89427-0 
024 7 |a 10.1007/978-0-387-89427-0  |2 doi 
040 |d GrThAP 
050 4 |a BF1-990 
072 7 |a JMH  |2 bicssc 
072 7 |a PSY031000  |2 bisacsh 
082 0 4 |a 155.8  |2 23 
100 1 |a Hamber, Brandon.  |e author. 
245 1 0 |a Transforming Societies after Political Violence  |h [electronic resource] :  |b Truth, Reconciliation, and Mental Health /  |c by Brandon Hamber. 
264 1 |a New York, NY :  |b Springer US,  |c 2009. 
300 |a VIII, 249 p. 2 illus.  |b online resource. 
336 |a text  |b txt  |2 rdacontent 
337 |a computer  |b c  |2 rdamedia 
338 |a online resource  |b cr  |2 rdacarrier 
347 |a text file  |b PDF  |2 rda 
490 1 |a Peace Psychology Book Series 
505 0 |a Looking Back, Moving Forward -- Miracles, Trauma and the Truth Commission -- A Tidal Wave of Emotion -- A Place for Healing -- Ambivalence and Closure -- Reparations and Paying for the Past -- Doing Justice -- Assessing Truth and Reconciliation -- Truth Telling and Violence Prevention -- Transforming Transitional Societies. 
520 |a It is a momentous day for a nation when war is over or a brutal regime ends. For victims and survivors of political atrocities, it is also a time to process trauma, to anticipate the future, to be heard—and to be healed. Transforming Societies after Political Violence offers a template for those tasked with providing truth, justice, reconciliation, and healing. This interdisciplinary study identifies complex relationships between recovery from political violence and the psychological processes that accompany widespread social change, showing how these can be integrated to strengthen both individual and society. Author Brandon Hamber draws on his extensive experience in South Africa and comparative examples from elsewhere to examine the centrality of mental health issues in transitional justice, and the social, cultural, and identity issues involved in meeting the needs of victims. In discussing reparations (what the author terms "repairing the irreparable"), the power of ambivalence, and especially concepts of closure, he eloquently sets out professionals’ roles in helping survivors move beyond the toxic past without covering it up or becoming mired in it. Among the critical areas covered: The vital groundwork that must be made before reconciliation can occur. Creating context-driven approaches to political and social trauma. Assessing truth, documenting the past, and avoiding re-traumatization. The role of mental health professionals in truth commission processes. Survivors as agents for justice, from civic participation to giving public witness. Reparations—symbolic meaning, national value, personal benefits. Promoting reconciliation and preventing further violence. A work that holds profound insight into the meaning of "doing justice," Transforming Transitional Societies is required reading for social and peace psychologists, as well as students and researchers of conflict and peace studies, transitional justice, and intergroup and international relations. 
650 0 |a Psychology. 
650 0 |a Cross-cultural psychology. 
650 1 4 |a Psychology. 
650 2 4 |a Cross Cultural Psychology. 
710 2 |a SpringerLink (Online service) 
773 0 |t Springer eBooks 
776 0 8 |i Printed edition:  |z 9780387894263 
830 0 |a Peace Psychology Book Series 
856 4 0 |u http://dx.doi.org/10.1007/978-0-387-89427-0  |z Full Text via HEAL-Link 
912 |a ZDB-2-BHS 
950 |a Behavioral Science (Springer-11640)